Bon (Record no. 10988)

MARC details
000 -CABECERA
campo de control de longitud fija 01203nam a22002897a 4500
001 - NÚMERO DE CONTROL
campo de control BRCA_9366
003 - IDENTIFICADOR DEL NÚMERO DE CONTROL
campo de control FranzMayer
005 - FECHA Y HORA DE LA ÚLTIMA TRANSACCIÓN
campo de control 20230918123348.0
008 - DATOS DE LONGITUD FIJA--INFORMACIÓN GENERAL
campo de control de longitud fija 230830b |||||||| |||| 00| 0 eng d
040 ## - FUENTE DE LA CATALOGACIÓN
Centro catalogador/agencia de origen MFM
Lengua de catalogación español
Centro/agencia transcriptor MFM
050 ## - SIGNATURA TOPOGRÁFICA DE LA BIBLIOTECA DEL CONGRESO
Número de clasificación TP919
Número de documento/Ítem J65 1980
100 1# - ENTRADA PRINCIPAL--NOMBRE DE PERSONA
Código de función/relación Autor
Nombre de persona Sna Jolobil
9 (RLIN) 29360
240 ## - TÍTULO UNIFORME
Título uniforme Bon
Medio Tintes naturales
Lenguaje de la obra Español
245 0# - MENCIÓN DE TÍTULO
Título Bon
Resto del título Tintes naturales
260 ## - PUBLICACIÓN, DISTRIBUCIÓN, ETC.
Lugar de publicación, distribución, etc. Chiapas, México
Nombre del editor, distribuidor, etc. Sna Jolobil
Fecha de publicación, distribución, etc. 1980
300 ## - DESCRIPCIÓN FÍSICA
Extensión 1 v
Otras características físicas Ilustraciones
Dimensiones 20 cm
500 ## - NOTA GENERAL
Nota general CONT10135
500 ## - NOTA GENERAL
Nota general El folleto fue publicado de manera independiente, por lo que no cuenta con datos de publicación tales como ISBN
500 ## - NOTA GENERAL
Nota general El material no se encuentra numerado
500 ## - NOTA GENERAL
Nota general El material se esta desprendiendo
500 ## - NOTA GENERAL
Nota general El material se ubica a su vez con escritos en una lengua indígena
500 ## - NOTA GENERAL
Nota general El material tiene una cubierta de papel con una replica de la cubierta externa.
505 ## - NOTA DE CONTENIDO CON FORMATO
Nota de contenido con formato Texto en: españolIncluye índice temático Dirigido a: artistas, diseñadores de moda, ecologistas y diseñadores en genral.
650 1# - PUNTO DE ACCESO ADICIONAL DE MATERIA--TÉRMINO DE MATERIA
Fuente del encabezamiento o término Tintes y teñidos
Término de materia o nombre geográfico como elemento de entrada México
Subdivisión de forma Chiapas
9 (RLIN) 29361
651 2# - PUNTO DE ACCESO ADICIONAL DE MATERIA--NOMBRE GEOGRÁFICO
Fuente del encabezamiento o término Plantas para teñir
Nombre geográfico Tintes naturales
9 (RLIN) 29362
942 ## - ELEMENTOS DE PUNTO DE ACCESO ADICIONAL (KOHA)
Fuente del sistema de clasificación o colocación Library of Congress Classification
Tipo de ítem Koha Libros
Holdings
Estado de retiro Estado de pérdida Fuente del sistema de clasificación o colocación Estado dañado No para préstamo Código de colección Localización permanente Ubicación/localización actual Fecha de adquisición Total de préstamos Signatura topográfica completa Código de barras Fecha visto por última vez Precio válido a partir de Tipo de ítem Koha
El ejemplar forma parte de la colección y puede ser consultado según las políticas vigentes.   Library of Congress Classification     Fondo Contemporáneo Biblioteca del Museo Franz Mayer (Rogerio Casas-Alatriste) Biblioteca del Museo Franz Mayer (Rogerio Casas-Alatriste) 30/08/2023   TP919 J65 1980 CONT10134 30/08/2023 30/08/2023 Libros